000 00618nam a2200229 i 4500
001 C2-0320473
003 PPAK
005 20180728115934.0
008 130102s2012 io a|||| ||||| | may d
020 _a9786029289022
040 _aPPAK
_beng
_cPPAK
_erda
082 0 4 _a297.3822
_223
090 0 0 _a297.3822
_bKIT
_dR
245 0 0 _aKitab shalat 11 in one
264 1 _a[Jakarta] :
_bAlita Aksara Media ,
_c2012
300 _a914 pages :
_billustrations ;
_c30 cm.
336 _2rdacontent
_atext
337 _2rdamedia
_aunmediated
338 _2rdacarrier
_avolume
650 1 0 _aPrayer - Islam
942 _ddc
_cB
999 _c121141
_d121141